| 000 | 00608nam a2200217 a 4500 | ||
|---|---|---|---|
| 005 | 20210219153204.0 | ||
| 008 | 991125n 000 0 u | ||
| 035 | _aUPN01000083217 | ||
| 100 | _aChung, Jaesam | ||
| 222 | 0 | _aEDUCATIONAL TECHNOLOGY | |
| 245 | 0 | _aInstructional prescriptions for learner control | |
| 300 | _a14-20 | ||
| 362 | _a32, No. 10, 1992 | ||
| 505 | _aMarzo 1993 | ||
| 653 | 0 | _aENSEÑANZA DEL CONTROL DEL ESTUDIANTE | |
| 653 | 0 | _aENSEÑANZA PROGRAMADA | |
| 653 | 0 | _aESTRATEGIAS DE APRENDIZAJE | |
| 700 | _aReigeluth, Charles M. | ||
| 904 |
_aAC _b021028 |
||
| 905 | _aArticulo | ||
| 999 |
_c70588 _d70588 |
||